Nome de ânions - Statistics

Estatísticas Gerais
  • Esse quiz foi jogado 3 vezes
  • A pontuação média é 20 de 34
Estatísticas das Respostas
Ânion Nome % Correto
Br⁻¹⁻ Brometo
100%
CN⁻¹ Cianeto
100%
Cl⁻¹ Cloreto
100%
F⁻¹ Fluoreto
100%
OH⁻¹ Hidróxido
100%
I⁻¹ Iodeto
100%
NO₃⁻¹ Nitrato
100%
NO₂⁻¹ Nitrito
100%
SO₄⁻² Sulfato
100%
S⁻² Sulfeto
100%
SO₃⁻² Sulfito
100%
BrO₂⁻¹ Bromito
67%
CO₃⁻² Carbonato
67%
ClO₂⁻¹ Clorito
67%
PO₄⁻³ Fosfato
67%
BrO⁻¹ Hipobromito
67%
ClO⁻¹ Hipoclorito
67%
IO⁻¹ Hipoiodito
67%
MnO₄⁻¹ Permanganato
67%
BO₃⁻³ Borato
33%
BrO₃⁻¹ Bromato
33%
ClO₃⁻¹ Clorato
33%
CrO₄⁻² Cromato
33%
IO₃⁻¹ Iodato
33%
IO₂⁻¹ Iodito
33%
MnO₄⁻² Manganato
33%
BrO₄⁻¹ Perbromato
33%
ClO₄⁻¹ Perclorato
33%
IO₄⁻¹ Periodato
33%
Cr₂O₇⁻² Dicromato
0%
H₂PO₄⁻¹ Diidrogenofosfato
0%
HPO₄⁻² Hidrogenofosfato
0%
HSO₄⁻¹ Hidrogenossulfato
0%
HSO₃⁻¹ Hidrogenossulfito
0%
Nenhum quiz correspondente encontrado
Distribuição das Pontuações
Porcentagem de Pessoas com Cada Pontuação
Percentil de Números Respondidos
Sua Pontuação Histórica
Você não jogou esse quiz